000 01167nmc a2200433 a 4500
003 AR-BaBNM
005 20251128204852.0
008 236019s1984 ||||||||||||||000 | spa||
020 _a950-25-0084-9
040 _cAR-BaBNM
100 1 _aCalello, Osvaldo
245 1 0 _aDe Vandor a Ubaldini
_n1
260 _aBuenos Aires
_bCentro Editor de América Latina
_c1984
300 0 _a125 p.
490 0 _aBiblioteca política argentina
_vv. 85
600 1 4 _aFernández, Avelino
600 1 4 _aPerón, Juan Domingo
600 1 4 _aFramini, Andrés
600 1 4 _aCabo, Vicente Armando
600 1 4 _aPepe, Lorenzo
600 1 4 _aUbaldini, Saúl
600 1 4 _aVandor, Augusto
600 1 4 _aCooke, John William
600 1 4 _aOlmos, Amado
610 2 4 _aPartido Justicialista
650 4 _aHISTORIA ARGENTINA
650 4 _aHISTORIA SINDICAL
650 4 _aPOLITICA
650 4 _aHISTORIA POLITICA
650 4 _aSINDICALISMO
650 4 _aPROBLEMAS SOCIALES
650 4 _aOPOSICION POLITICA
651 4 _aArgentina
653 _aPERONISMO
700 1 _aParcero, Daniel
800 1 _aTroncoso, Oscar
_edirector
942 _cBK
998 _cEnrique
999 _c9115
_d9115